[Event "Four Nations Chess Challenge"]
[Site "Oslo"]
[Date "2008.02.15"]
[Round "1.1"]
[White "Berg, Emanuel"]
[Black "Jones, Gawain C"]
[Result "1-0"]
[WhiteElo "2583"]
[BlackElo "2562"]
[PlyCount "119"]
[EventDate "2008.02.15"]
[EventType "team"]
[EventRounds "3"]
[EventCountry "NOR"]
[WhiteTeam "Sweden"]
[BlackTeam "England"]

1. e4 c5 2. Nf3 Nc6 3. d4 cxd4 4. Nxd4 e5 5. Nb5 a6 6. Nd6+ Bxd6 7. Qxd6 Qf6 8.
Qc7 Nge7 9. Nc3 Nb4 10. Bd3 O-O 11. O-O d5 12. f4 Nxd3 13. cxd3 d4 14. Na4 Bg4
15. Nb6 Rae8 16. Rf2 Qc6 17. Qxc6 Nxc6 18. h3 Bc8 19. f5 f6 20. b3 Rd8 21. Ba3
Rf7 22. Rc1 Bd7 23. Bc5 Nb8 24. a4 Bc6 25. Bb4 Nd7 26. Nc4 Nb8 27. Nb6 Nd7 28.
Nc4 Nb8 29. Rfc2 g6 30. Ba5 Rdf8 31. Bb4 Rd8 32. Rf2 gxf5 33. Rxf5 Bd7 34. Rf2
Be6 35. Rcf1 Bxc4 36. bxc4 Nd7 37. g4 Rg7 38. Rf5 Kf7 39. Kf2 Rg5 40. Rxg5 fxg5
41. Ke2+ Kg6 42. Bd6 Rc8 43. Rf5 Re8 44. a5 Re6 45. c5 Re8 46. Kd1 h6 47. Kd2
Rd8 48. Bxe5 Nxc5 49. Rf6+ Kh7 50. Rf7+ Kg8 51. Rg7+ Kf8 52. Rh7 Ke8 53. Rxh6
Kf7 54. Rf6+ Ke8 55. Rh6 Kf7 56. Rf6+ Ke8 57. Rg6 Kf7 58. Rxg5 Nb3+ 59. Kc2
Nxa5 60. Bxd4 1-0

[Event "Four Nations Chess Challenge"]
[Site "Oslo"]
[Date "2008.02.15"]
[Round "1.2"]
[White "Howell, David"]
[Black "Hillarp-Persson, Tiger"]
[Result "1-0"]
[WhiteElo "2528"]
[BlackElo "2535"]
[PlyCount "59"]
[EventDate "2008.02.15"]
[EventType "team"]
[EventRounds "3"]
[EventCountry "NOR"]
[WhiteTeam "England"]
[BlackTeam "Sweden"]

1. e4 c5 2. c3 Nf6 3. e5 Nd5 4. Nf3 e6 5. Bc4 d6 6. d4 cxd4 7. cxd4 Nc6 8. O-O
Be7 9. Re1 O-O 10. a3 Bd7 11. Qd3 Rc8 12. Bd2 a6 13. Nc3 Nxc3 14. Bxc3 d5 15.
Ba2 Na5 16. Rac1 Bb5 17. Qd2 Nc4 18. Qf4 a5 19. h4 Bd7 20. a4 Bb4 21. Bxb4 axb4
22. b3 Na3 23. Rxc8 Bxc8 24. Qd2 Bd7 25. Rc1 Qb6 26. Rc5 Bxa4 27. bxa4 b3 28.
a5 bxa2 29. axb6 a1=Q+ 30. Rc1 1-0

[Event "Four Nations Chess Challenge"]
[Site "Oslo"]
[Date "2008.02.15"]
[Round "1.3"]
[White "Agrest, Evgenij"]
[Black "Williams, Simon"]
[Result "1/2-1/2"]
[WhiteElo "2535"]
[BlackElo "2482"]
[PlyCount "51"]
[EventDate "2008.02.15"]
[EventType "team"]
[EventRounds "3"]
[EventCountry "NOR"]
[WhiteTeam "Sweden"]
[BlackTeam "England"]

1. Nf3 e6 2. c4 Nf6 3. d4 Bb4+ 4. Nc3 Ne4 5. Qd3 f5 6. a3 Bxc3+ 7. bxc3 O-O 8.
g3 Nc6 9. Bg2 d6 10. O-O e5 11. c5 Kh8 12. cxd6 cxd6 13. dxe5 dxe5 14. Qxd8
Rxd8 15. Ng5 Nxg5 16. Bxg5 Re8 17. Be3 e4 18. Rab1 b6 19. Rfe1 Ba6 20. f3 Rad8
21. fxe4 fxe4 22. Bf1 Ne5 23. Bd4 Bb7 24. Red1 Nc4 25. e3 Rc8 26. Bxc4 1/2-1/2

[Event "Four Nations Chess Challenge"]
[Site "Oslo"]
[Date "2008.02.15"]
[Round "1.4"]
[White "Gordon, Stephen"]
[Black "Hector, Jonny"]
[Result "0-1"]
[WhiteElo "2501"]
[BlackElo "2533"]
[PlyCount "72"]
[EventDate "2008.02.15"]
[EventType "team"]
[EventRounds "3"]
[EventCountry "NOR"]
[WhiteTeam "England"]
[BlackTeam "Sweden"]

1. d4 d5 2. c4 c6 3. Nf3 Nf6 4. Nc3 dxc4 5. a4 Bf5 6. Ne5 Nbd7 7. Nxc4 Qc7 8.
g3 e5 9. dxe5 Nxe5 10. Bf4 Rd8 11. Qc1 Bd6 12. Nxd6+ Qxd6 13. Bg2 a5 14. O-O
Qe7 15. Qe3 Nc4 16. Qa7 O-O 17. b3 Ra8 18. Qd4 Rfd8 19. Qxc4 Be6 20. Nd5 Nxd5
21. Rfb1 Ne3 22. Qc3 Nxg2 23. Kxg2 Bd5+ 24. Kf1 Re8 25. Rb2 b5 26. axb5 cxb5
27. Rd1 b4 28. Qc1 Qe6 29. Kg1 Bxb3 30. Rd6 Qc4 31. Qd2 Rac8 32. Rd4 Qc3 33.
Qxc3 Rxc3 34. Bd2 Rc4 35. Rd5 Rc1+ 36. Bxc1 Bxd5 0-1

[Event "Four Nations Chess Challenge"]
[Site "Oslo"]
[Date "2008.02.15"]
[Round "1.5"]
[White "Carlsson, Pontus"]
[Black "Haslinger, Stewart"]
[Result "1/2-1/2"]
[WhiteElo "2501"]
[BlackElo "2495"]
[PlyCount "63"]
[EventDate "2008.02.15"]
[EventType "team"]
[EventRounds "3"]
[EventCountry "NOR"]
[WhiteTeam "Sweden"]
[BlackTeam "England"]

1. e4 e5 2. Nf3 Nc6 3. Bb5 a6 4. Ba4 Nf6 5. O-O Be7 6. Re1 b5 7. Bb3 d6 8. c3
O-O 9. h3 Na5 10. Bc2 c5 11. d4 Qc7 12. Nbd2 Bd7 13. Nf1 Nc4 14. b3 Nb6 15. Ne3
c4 16. bxc4 Nxc4 17. Nxc4 bxc4 18. Ba3 Rfe8 19. Qd2 Rab8 20. Rad1 Bf8 21. Qc1
Bc6 22. dxe5 dxe5 23. Bxf8 Rxf8 24. Qa3 Rb5 25. Qd6 Qxd6 26. Rxd6 Bb7 27. Nd2
Rc8 28. Rb1 Bc6 29. Nxc4 Rxb1+ 30. Bxb1 Bxe4 31. Bxe4 Nxe4 32. Rxa6 1/2-1/2

[Event "Four Nations Chess Challenge"]
[Site "Oslo"]
[Date "2008.02.15"]
[Round "1.6"]
[White "Hunt, Harriet"]
[Black "Cramling, Pia"]
[Result "0-1"]
[WhiteElo "2457"]
[BlackElo "2524"]
[PlyCount "70"]
[EventDate "2008.02.15"]
[EventType "team"]
[EventRounds "3"]
[EventCountry "NOR"]
[WhiteTeam "England"]
[BlackTeam "Sweden"]

1. e4 c5 2. Nf3 e6 3. d4 cxd4 4. Nxd4 Nc6 5. Nc3 Qc7 6. Be2 a6 7. O-O Nf6 8.
Kh1 d6 9. f4 Be7 10. Be3 O-O 11. Qe1 Nxd4 12. Bxd4 b5 13. e5 dxe5 14. fxe5 Nd7
15. Bd3 Bb7 16. Qg3 Rad8 17. Rf4 Nc5 18. Bxc5 Qxc5 19. Rg4 g6 20. Ne2 Rd5 21.
b4 Qc7 22. Nf4 Rxd3 23. cxd3 Qxe5 24. Re1 Qf5 25. h4 h5 26. Nxg6 Qxg4 27. Nxe7+
Kg7 28. Qxg4+ hxg4 29. Rc1 Rd8 30. Kh2 Rd7 31. Nc8 Rxd3 32. Rc7 Be4 33. h5 Bf5
34. Rc1 g3+ 35. Kg1 Be4 0-1

[Event "Four Nations Chess Challenge"]
[Site "Oslo"]
[Date "2008.02.16"]
[Round "1.7"]
[White "Agrest, Svetlana"]
[Black "Chevannes, Sabrina"]
[Result "1-0"]
[WhiteElo "2257"]
[BlackElo "2074"]
[PlyCount "95"]
[EventDate "2008.02.15"]
[EventType "team"]
[EventRounds "3"]
[EventCountry "NOR"]
[WhiteTeam "Sweden"]
[BlackTeam "England"]

1. e4 c6 2. d4 d5 3. exd5 cxd5 4. Bd3 Nc6 5. c3 Qc7 6. h3 Nf6 7. Nf3 g6 8. O-O
Bf5 9. Re1 Bxd3 10. Qxd3 Bg7 11. Ne5 Nd7 12. Bf4 Ndxe5 13. dxe5 e6 14. Qe3 O-O
15. Nd2 b5 16. Nf3 Rfd8 17. Bh6 Bh8 18. h4 a5 19. Rac1 Qa7 20. Qf4 d4 21. Ng5
d3 22. Ne4 Ne7 23. Bg5 Nd5 24. Qg3 Rd7 25. Rcd1 Nc7 26. Bf6 Ne8 27. Rxd3 Nxf6
28. exf6 Rad8 29. Red1 Rd5 30. Rd4 Qd7 31. Qf3 b4 32. Rxd5 exd5 33. c4 d4 34.
b3 Qc6 35. Rd3 a4 36. Qf4 Qc8 37. g4 axb3 38. axb3 Qa8 39. Kh2 Qc8 40. g5 h6
41. Nd2 Qa8 42. Rxd4 Re8 43. Re4 Rd8 44. Rd4 Re8 45. Ne4 Qa1 46. Rd7 Qe1 47.
Re7 Rd8 48. Nd6 1-0

[Event "Four Nations Chess Challenge"]
[Site "Oslo"]
[Date "2008.02.15"]
[Round "1.8"]
[White "Bhatia, Kanwal"]
[Black "Andersson, Christin"]
[Result "1/2-1/2"]
[WhiteElo "2054"]
[BlackElo "2194"]
[PlyCount "175"]
[EventDate "2008.02.15"]
[EventType "team"]
[EventRounds "3"]
[EventCountry "NOR"]
[WhiteTeam "England"]
[BlackTeam "Sweden"]

1. e4 e6 2. d4 d5 3. Nd2 c5 4. exd5 Qxd5 5. Ngf3 cxd4 6. Bc4 Qc5 7. O-O Nc6 8.
Qe2 Nf6 9. Nb3 Qb6 10. Bf4 Bd7 11. Rad1 Bc5 12. Ne5 Rd8 13. Rfe1 O-O 14. Qf3
Rfe8 15. a3 Bf8 16. Bd3 a5 17. Nd2 Nxe5 18. Bxe5 Nd5 19. Bxh7+ Kxh7 20. Qxf7
Re7 21. Qh5+ Kg8 22. Ne4 Be8 23. Qh4 Bg6 24. Ng5 Nf6 25. Bxd4 Qc6 26. Re3 Qxc2
27. Rde1 Qd2 28. Bc3 Qc2 29. Rh3 Nh5 30. g4 Rd1 31. gxh5 Rxe1+ 32. Bxe1 Bf5 33.
Re3 Qxb2 34. Bxa5 Rd7 35. Qc4 Rd4 36. Qc8 Rg4+ 37. Rg3 Rf4 38. Nf3 Qxa3 39. Bc3
Rg4 40. Rxg4 Bxg4 41. Kg2 Qe7 42. Bd4 Bxh5 43. Ne5 b5 44. Nd7 Qe8 45. Qxe8 Bxe8
46. Nxf8 Kxf8 47. Kf3 Kf7 48. Bc3 Bc6+ 49. Kf4 Bd5 50. Kg5 Be4 51. Kf4 Bf5 52.
Bb4 Kf6 53. Bc3+ Kg6 54. Ke3 Kf7 55. Kf4 Bh3 56. Kg5 g6 57. Kf4 Bf5 58. Bb4 Bc2
59. Bc3 Bf5 60. Bb4 Kg7 61. Kg5 Bd3 62. Bc3+ Kf7 63. Bb4 e5 64. Kg4 Ke6 65. Kf3
Kd5 66. Ke3 Bf5 67. h4 Bb1 68. Bf8 Kc4 69. Bg7 Kd5 70. Bf8 Bf5 71. Bb4 Kc4 72.
Bd6 Kd5 73. Bb4 e4 74. f3 exf3 75. Kxf3 Kc4 76. Bf8 b4 77. Kf4 Bd7 78. Kg5 Be8
79. Kf6 b3 80. Ba3 Kc3 81. Ke7 Ba4 82. Kf6 Be8 83. Ke7 Bb5 84. Kf6 Bd3 85. Kg5
b2 86. Bxb2+ Kxb2 87. h5 gxh5 88. Kxh5 1/2-1/2

[Event "Four Nations Chess Challenge"]
[Site "Oslo"]
[Date "2008.02.15"]
[Round "1.9"]
[White "Agrest, Inna"]
[Black "Hegarty, Sarah"]
[Result "1-0"]
[WhiteElo "2168"]
[BlackElo "1974"]
[PlyCount "61"]
[EventDate "2008.02.15"]
[EventType "team"]
[EventRounds "3"]
[EventCountry "NOR"]
[WhiteTeam "Sweden"]
[BlackTeam "England"]

1. e4 c5 2. Nf3 Nc6 3. d4 cxd4 4. Nxd4 g6 5. c4 Bg7 6. Nc2 d6 7. Be2 f5 8. exf5
Bxf5 9. Ne3 Nd4 10. Nxf5 Qa5+ 11. Nc3 Qxf5 12. Bd3 Qe5+ 13. Be3 Nf5 14. Qa4+
Kf7 15. Bxf5 Qxf5 16. O-O Nf6 17. Rad1 Rhf8 18. Qb3 Kg8 19. Qxb7 Rab8 20. Qxe7
Ng4 21. h3 Ne5 22. Rxd6 Rbe8 23. Qh4 Bf6 24. Rxf6 Rxf6 25. Nd5 Rf7 26. b3 a5
27. Bg5 Kg7 28. Ne7 Qe6 29. f4 Nd3 30. f5 Qe2 31. Qd4+ 1-0

[Event "Four Nations Chess Challenge"]
[Site "Oslo"]
[Date "2008.02.15"]
[Round "1.10"]
[White "Parmar, Amisha"]
[Black "Frisk, Ellinor"]
[Result "0-1"]
[WhiteElo "1995"]
[BlackElo "2127"]
[PlyCount "62"]
[EventDate "2008.02.15"]
[EventType "team"]
[EventRounds "3"]
[EventCountry "NOR"]
[WhiteTeam "England"]
[BlackTeam "Sweden"]

1. e4 e6 2. d3 c5 3. Nf3 Nc6 4. g3 Nge7 5. Bg2 g6 6. O-O Bg7 7. Re1 d6 8. Nbd2
O-O 9. Nf1 Nd4 10. c3 Nxf3+ 11. Bxf3 Nc6 12. Be3 e5 13. Qd2 Be6 14. Bh6 d5 15.
Bxg7 Kxg7 16. Qe2 d4 17. Nd2 dxc3 18. bxc3 Qd7 19. Nb3 b6 20. Red1 Rad8 21.
Rab1 Qc8 22. Qb2 Rd6 23. Rd2 Rfd8 24. Rbd1 R8d7 25. Be2 Qd8 26. f4 Kg8 27. fxe5
Nxe5 28. d4 Nc4 29. Bxc4 Bxc4 30. e5 Rd5 31. dxc5 Bxb3 0-1

[Event "Four Nations Chess Challenge"]
[Site "Oslo"]
[Date "2008.02.15"]
[Round "1.1"]
[White "Miezis, Normunds"]
[Black "Lie, Kjetil A"]
[Result "1/2-1/2"]
[WhiteElo "2553"]
[BlackElo "2556"]
[PlyCount "195"]
[EventDate "2008.02.15"]
[EventType "team"]
[EventRounds "3"]
[EventCountry "NOR"]
[WhiteTeam "Latvia"]
[BlackTeam "Norway"]

1. c4 e5 2. Nc3 Nc6 3. g3 f5 4. Bg2 Nf6 5. Nd5 Bc5 6. a3 d6 7. e3 O-O 8. Ne2 f4
9. d4 fxg3 10. hxg3 Bb6 11. b4 a6 12. Qd3 g6 13. Nxb6 cxb6 14. Bb2 Qe7 15. Qb3
Qf7 16. d5 Ne7 17. f4 Ng4 18. e4 Bd7 19. Bf3 Rac8 20. Kd2 h5 21. Raf1 Qg7 22.
Ke1 Kh7 23. Qd3 Ng8 24. Ng1 Qe7 25. Nh3 N8h6 26. Ng5+ Kg8 27. Kd2 exf4 28. Bxg4
Nxg4 29. gxf4 Rxf4 30. Rxf4 Qxg5 31. Qg3 Rf8 32. Rhf1 Rc8 33. Ke1 h4 34. Qf3
Ne5 35. Bxe5 dxe5 36. Rf8+ Kh7 37. Rxc8 Qc1+ 38. Kf2 Qd2+ 39. Kg1 Bxc8 40. Qf7+
Kh6 41. Qf8+ Kh5 42. Kh1 Bf5 43. exf5 Qd3 44. Rf2 Qh3+ 45. Kg1 Qg3+ 46. Kf1
Qd3+ 47. Re2 Qd1+ 48. Kf2 Qd4+ 49. Ke1 Qa1+ 50. Kf2 Qd4+ 51. Ke1 Qa1+ 52. Kd2
Qb2+ 53. Kd3 Qd4+ 54. Kc2 Qxc4+ 55. Kd1 Qd3+ 56. Rd2 Qb1+ 57. Ke2 Qe4+ 58. Kf2
Qf4+ 59. Ke1 Qe3+ 60. Kd1 Qb3+ 61. Rc2 Qd3+ 62. Kc1 Qe3+ 63. Rd2 Qc3+ 64. Kd1
Qb3+ 65. Kc1 Qc3+ 66. Rc2 Qe3+ 67. Kb2 Qd4+ 68. Ka2 Qxd5+ 69. Kb2 Qd4+ 70. Kb3
Qd5+ 71. Kb2 Qd4+ 72. Kc1 Qa1+ 73. Kd2 Qd4+ 74. Ke2 Qe4+ 75. Kd1 Qd3+ 76. Rd2
Qb1+ 77. Ke2 Qe4+ 78. Kf2 Qf4+ 79. Ke1 Qe3+ 80. Kd1 Qb3+ 81. Rc2 Qd3+ 82. Kc1
Qe3+ 83. Kb1 Qb3+ 84. Kc1 Qe3+ 85. Kd1 Qd3+ 86. Rd2 Qb1+ 87. Ke2 Qe4+ 88. Kf1
Qf3+ 89. Ke1 Qe3+ 90. Re2 Qc1+ 91. Kf2 Qf4+ 92. Kg1 Qg3+ 93. Rg2 Qe3+ 94. Kh1
Qh3+ 95. Kg1 Qe3+ 96. Kh1 Qh3+ 97. Kg1 Qe3+ 98. Kh1 1/2-1/2

[Event "Four Nations Chess Challenge"]
[Site "Oslo"]
[Date "2008.02.15"]
[Round "1.2"]
[White "Johannessen, Leif Erlend"]
[Black "Krakops, Maris"]
[Result "1-0"]
[WhiteElo "2521"]
[BlackElo "2525"]
[PlyCount "59"]
[EventDate "2008.02.15"]
[EventType "team"]
[EventRounds "3"]
[EventCountry "NOR"]
[WhiteTeam "Norway"]
[BlackTeam "Latvia"]

1. d4 e6 2. c4 b6 3. Nf3 Bb7 4. g3 Bb4+ 5. Bd2 Bxf3 6. exf3 Bxd2+ 7. Qxd2 Ne7
8. d5 exd5 9. cxd5 c6 10. d6 Nd5 11. Bc4 O-O 12. Bxd5 cxd5 13. Qxd5 Re8+ 14.
Kf1 Nc6 15. Nc3 Qf6 16. Kg2 b5 17. Rhe1 b4 18. Na4 Re6 19. Rad1 Rae8 20. Re4 h6
21. Nc5 Rxe4 22. fxe4 Ne5 23. f4 Ng4 24. Qd4 Rc8 25. e5 Qf5 26. Rc1 h5 27. Qd3
Qxd3 28. Nxd3 Rxc1 29. Nxc1 f6 30. e6 1-0

[Event "Four Nations Chess Challenge"]
[Site "Oslo"]
[Date "2008.02.15"]
[Round "1.3"]
[White "Sveshnikov, Evgeny"]
[Black "Ostenstad, Berge"]
[Result "0-1"]
[WhiteElo "2506"]
[BlackElo "2482"]
[PlyCount "72"]
[EventDate "2008.02.15"]
[EventType "team"]
[EventRounds "3"]
[EventCountry "NOR"]
[WhiteTeam "Latvia"]
[BlackTeam "Norway"]

1. e4 e6 2. d4 d5 3. e5 c5 4. c3 Qb6 5. Nf3 Nc6 6. a3 Nh6 7. b4 cxd4 8. cxd4
Nf5 9. Bb2 Bd7 10. g4 Nfe7 11. Nc3 Ng6 12. h4 h5 13. g5 Na5 14. Na4 Qc6 15. Nc5
Nc4 16. Bc1 Bxc5 17. bxc5 Qa4 18. Qxa4 Bxa4 19. Nd2 Na5 20. Rb1 O-O 21. Bb5
Bxb5 22. Rxb5 Nc6 23. Nf3 Rab8 24. Be3 b6 25. O-O bxc5 26. Rxc5 Rfc8 27. Bd2
Nce7 28. Bb4 Rxc5 29. Bxc5 Nf5 30. Bxa7 Rb3 31. Bc5 Rxf3 32. a4 Rf4 33. a5 Nxd4
34. a6 Rg4+ 35. Kh2 Nf3+ 36. Kh1 Nf4 0-1

[Event "Four Nations Chess Challenge"]
[Site "Oslo"]
[Date "2008.02.15"]
[Round "1.4"]
[White "Djurhuus, Rune"]
[Black "Neiksans, Arturs"]
[Result "1-0"]
[WhiteElo "2452"]
[BlackElo "2470"]
[PlyCount "100"]
[EventDate "2008.02.15"]
[EventType "team"]
[EventRounds "3"]
[EventCountry "NOR"]
[WhiteTeam "Norway"]
[BlackTeam "Latvia"]

1. d4 f5 2. c4 Nf6 3. Nc3 e6 4. d5 e5 5. e4 fxe4 6. a3 Bc5 7. Bg5 d6 8. Bxf6
Bxf2+ 9. Kxf2 Qxf6+ 10. Ke1 O-O 11. Kd2 Qf2+ 12. Nge2 Bf5 13. Kc2 Bg6 14. Kb1
Nd7 15. Ka2 Nc5 16. Qe1 Qe3 17. Ng3 Qf4 18. Qc1 Qf2 19. Nd1 Qd4 20. Qc3 a5 21.
Be2 a4 22. Ne3 Qxc3 23. bxc3 Rf4 24. Rhf1 Raf8 25. Rab1 b6 26. Bh5 Nb3 27. Bxg6
hxg6 28. Rb2 g5 29. h3 Kh7 30. Kb1 Kg6 31. Re2 Nc5 32. Ree1 Nd3 33. Rd1 Nf2 34.
Rd2 Nd3 35. Kc2 Nc5 36. Rdd1 R8f7 37. Ne2 R4f6 38. Rxf6+ gxf6 39. Ng3 f5 40.
Ngxf5 Rxf5 41. Nxf5 Kxf5 42. Rf1+ Kg6 43. Rf8 Nd3 44. Rc8 Ne1+ 45. Kd2 Nxg2 46.
Rxc7 Nf4 47. Rd7 Nxh3 48. Rxd6+ Kf5 49. Rh6 g4 50. d6 e3+ 1-0

[Event "Four Nations Chess Challenge"]
[Site "Oslo"]
[Date "2008.02.15"]
[Round "1.5"]
[White "Daskevics, Vadims"]
[Black "Lie, Espen"]
[Result "1-0"]
[WhiteElo "2331"]
[BlackElo "2429"]
[PlyCount "71"]
[EventDate "2008.02.15"]
[EventType "team"]
[EventRounds "3"]
[EventCountry "NOR"]
[WhiteTeam "Latvia"]
[BlackTeam "Norway"]

1. d4 Nf6 2. c4 c5 3. d5 e6 4. Nc3 exd5 5. cxd5 d6 6. Nf3 g6 7. Bf4 Bg7 8. Qa4+
Bd7 9. Qb3 Qc7 10. e4 O-O 11. Be2 Nh5 12. Be3 Bg4 13. h3 Bxf3 14. Bxf3 f5 15.
exf5 Rxf5 16. Bg4 Rf8 17. O-O a6 18. Ne4 Nd7 19. Ng5 Ne5 20. Ne6 Qe7 21. Nxf8
Rxf8 22. Bxc5 Nxg4 23. hxg4 Nf4 24. Rae1 Qd7 25. Ba3 Qxg4 26. Qf3 Qd7 27. Re4
g5 28. Rfe1 Bf6 29. Qd1 Rf7 30. Re8+ Kg7 31. R8e6 Be5 32. Qg4 h6 33. g3 Nxe6
34. dxe6 Qc8 35. Rxe5 Qc1+ 36. Kg2 1-0

[Event "Four Nations Chess Challenge"]
[Site "Oslo"]
[Date "2008.02.15"]
[Round "1.6"]
[White "Sahl, Sheila B"]
[Black "Reizniece, Dana"]
[Result "0-1"]
[WhiteElo "2227"]
[BlackElo "2309"]
[PlyCount "108"]
[EventDate "2008.02.15"]
[EventType "team"]
[EventRounds "3"]
[EventCountry "NOR"]
[WhiteTeam "Norway"]
[BlackTeam "Latvia"]

1. e4 c5 2. Nf3 Nc6 3. d4 cxd4 4. Nxd4 e5 5. Nxc6 dxc6 6. Bd3 Nf6 7. O-O Be7 8.
a4 O-O 9. Nd2 Be6 10. Qf3 Qc7 11. Nc4 Rad8 12. b3 Rd4 13. Ne3 g6 14. Bb2 Rdd8
15. Bc4 Nh5 16. Bxe6 fxe6 17. Qe2 Rd4 18. Bxd4 exd4 19. Nc4 Nf4 20. Qd1 e5 21.
g3 Nh3+ 22. Kg2 Ng5 23. h4 Ne6 24. Qg4 Rf6 25. Rad1 b5 26. Nb2 a6 27. Rd3 h5
28. Qd1 Nc5 29. Rf3 Nxe4 30. Rxf6 Nxf6 31. Re1 Bd6 32. Qd3 Kg7 33. c3 c5 34.
cxd4 cxd4 35. axb5 Qb7+ 36. f3 axb5 37. Nd1 Qd5 38. Nf2 Bb4 39. Ra1 Qb7 40. Qe2
Nd7 41. Qa2 Nc5 42. Qa7 Qxa7 43. Rxa7+ Kf8 44. Ra8+ Ke7 45. Rb8 Ne6 46. Rxb5
Bd6 47. Nd3 Nc7 48. Ra5 Ke6 49. Kf2 Nd5 50. Nc5+ Bxc5 51. Rxc5 Kd6 52. Ra5 Nb4
53. Ke2 Nc6 54. Kd3 Nxa5 0-1

[Event "Four Nations Chess Challenge"]
[Site "Oslo"]
[Date "2008.02.15"]
[Round "1.7"]
[White "Berzina, Ilze"]
[Black "Hagesaether, Ellen"]
[Result "1/2-1/2"]
[WhiteElo "2281"]
[BlackElo "2234"]
[PlyCount "141"]
[EventDate "2008.02.15"]
[EventType "team"]
[EventRounds "3"]
[EventCountry "NOR"]
[WhiteTeam "Latvia"]
[BlackTeam "Norway"]

1. e4 e5 2. Nf3 Nc6 3. Bb5 a6 4. Ba4 Nf6 5. O-O Be7 6. Re1 b5 7. Bb3 d6 8. c3
O-O 9. h3 Nb8 10. d4 Nbd7 11. Nbd2 Bb7 12. Bc2 Re8 13. Nf1 Bf8 14. Ng3 g6 15.
Bg5 h6 16. Bd2 c5 17. d5 c4 18. Nh2 h5 19. Bg5 Be7 20. Be3 Nh7 21. a4 Bg5 22.
Kh1 Nc5 23. axb5 axb5 24. Rxa8 Bxa8 25. Qd2 Bxe3 26. Qxe3 Qf6 27. Nf3 Bb7 28.
Ra1 Bc8 29. Ne2 Bd7 30. Kh2 Kg7 31. Ra7 Rb8 32. Nd2 Rb7 33. Rxb7 Nxb7 34. b3
cxb3 35. Nxb3 Qe7 36. Qa7 Nc5 37. Qc7 Nxb3 38. Bxb3 Nf8 39. c4 bxc4 40. Bxc4
Qf6 41. f3 h4 42. Ba6 Ba4 43. Qc1 Nd7 44. Bb7 Nc5 45. Bc6 Bb3 46. Bb5 Qd8 47.
Qe3 Qa5 48. Nc3 Qb4 49. Bf1 Bc4 50. Be2 Bxe2 51. Nxe2 Qe1 52. f4 exf4 53. Qf3
g5 54. e5 dxe5 55. Qh5 Ne4 56. d6 Qd2 57. Qg4 f3 58. Qxf3 Nxd6 59. Kh1 Kg6 60.
Qc6 Qxe2 61. Qxd6+ f6 62. Qe6 e4 63. Qg8+ Kf5 64. Qd5+ Kf4 65. Qd6+ Ke3 66.
Qxf6 Qe1+ 67. Kh2 Ke2 68. Qa6+ Kf2 69. Qf6+ Ke2 70. Qa6+ Kf2 71. Qf6+ 1/2-1/2

[Event "Four Nations Chess Challenge"]
[Site "Oslo"]
[Date "2008.02.15"]
[Round "1.8"]
[White "Bjerke, Silje"]
[Black "Voronova, Tatiana"]
[Result "1/2-1/2"]
[WhiteElo "2162"]
[BlackElo "2242"]
[PlyCount "77"]
[EventDate "2008.02.15"]
[EventType "team"]
[EventRounds "3"]
[EventCountry "NOR"]
[WhiteTeam "Norway"]
[BlackTeam "Latvia"]

1. e4 e6 2. d4 d5 3. Nc3 Bb4 4. e5 Qd7 5. a3 Bxc3+ 6. bxc3 Ne7 7. Nf3 b6 8. a4
Ba6 9. Bxa6 Nxa6 10. O-O c5 11. Ba3 Qc6 12. Ng5 h6 13. Nh3 Nb8 14. Qd2 Nd7 15.
f4 g6 16. Nf2 Rc8 17. Rfc1 h5 18. Nd1 Nf5 19. Ne3 Nb8 20. Nxf5 gxf5 21. a5 Nd7
22. axb6 axb6 23. Ra2 Nf8 24. Rca1 Ng6 25. Qf2 h4 26. Bc1 cxd4 27. cxd4 Kf8 28.
Ba3+ Kg7 29. Bb4 Ra8 30. c3 Rxa2 31. Rxa2 Qc4 32. Ra1 Qd3 33. Rf1 Ra8 34. g3 h3
35. Qf3 Qxf3 36. Rxf3 Ra2 37. Rf2 Ra1+ 38. Rf1 Ra2 39. Rf2 1/2-1/2

[Event "Four Nations Chess Challenge"]
[Site "Oslo"]
[Date "2008.02.15"]
[Round "1.9"]
[White "Ni, Viktorija"]
[Black "Skytte, Torill"]
[Result "1/2-1/2"]
[WhiteElo "2132"]
[BlackElo "1971"]
[PlyCount "95"]
[EventDate "2008.02.15"]
[EventType "team"]
[EventRounds "3"]
[EventCountry "NOR"]
[WhiteTeam "Latvia"]
[BlackTeam "Norway"]

1. d4 d5 2. c4 c6 3. e3 Nf6 4. Nc3 Bf5 5. Nf3 e6 6. a3 Be7 7. Bd3 Bxd3 8. Qxd3
O-O 9. O-O a5 10. e4 dxe4 11. Nxe4 Nbd7 12. Bf4 Nxe4 13. Qxe4 Nf6 14. Qe2 c5
15. Rfd1 cxd4 16. Nxd4 Qb6 17. Nb5 Rac8 18. Rac1 h6 19. h3 Nh7 20. Rd7 Bg5 21.
Bxg5 Nxg5 22. Rcd1 Qc5 23. h4 Nh7 24. Qf3 b6 25. Rb7 Nf6 26. b3 Rfd8 27. Na7
Rxd1+ 28. Qxd1 Rf8 29. Nb5 h5 30. Rc7 Qe5 31. g3 Ng4 32. Rd7 Qf5 33. Rd2 Ne5
34. Nd4 Qg6 35. Nf3 Ng4 36. Ng5 Qf5 37. Qf3 Qe5 38. Rd1 Qb2 39. a4 g6 40. Ne4
Qc2 41. Qd3 Qb2 42. Qc3 Qe2 43. Qd3 Qb2 44. Rb1 Qa2 45. Rf1 Qb2 46. Rb1 Qa2 47.
Rf1 Qb2 48. Rb1 1/2-1/2

[Event "Four Nations Chess Challenge"]
[Site "Oslo"]
[Date "2008.02.15"]
[Round "1.10"]
[White "Khachatorian, Yarazik"]
[Black "Praude, Renate"]
[Result "0-1"]
[WhiteElo "2044"]
[BlackElo "2131"]
[PlyCount "140"]
[EventDate "2008.02.15"]
[EventType "team"]
[EventRounds "3"]
[EventCountry "NOR"]
[WhiteTeam "Norway"]
[BlackTeam "Latvia"]

1. e4 e5 2. Bc4 Nf6 3. d3 c6 4. Nf3 d5 5. Bb3 Bb4+ 6. c3 Bd6 7. Nbd2 O-O 8. O-O
Bg4 9. h3 Bh5 10. Re1 dxe4 11. dxe4 Bc7 12. Qe2 Nbd7 13. Nf1 Nc5 14. Bc2 Re8
15. Ng3 Bg6 16. Bd2 Nh5 17. Rad1 Nxg3 18. fxg3 Qe7 19. Nh4 a5 20. Qg4 Qe6 21.
Qf3 Rad8 22. b4 Na6 23. Bb3 Qe7 24. Nxg6 hxg6 25. Rf1 Rf8 26. a3 Rd6 27. Be3 b5
28. Qg4 c5 29. Bg5 Qe8 30. Bd5 cxb4 31. cxb4 axb4 32. Qh4 bxa3 33. Be7 Bd8 34.
Bxd8 Rxd8 35. Qxd8 Qxd8 36. Bxf7+ Kh7 37. Rxd8 Rxd8 38. Rc1 Nb4 39. g4 a2 40.
g5 Ra8 41. Ra1 Ra7 42. Be6 Ra3 43. Kh2 Ra6 44. Bb3 Ra3 45. Be6 Nc2 46. Rxa2
Rxa2 47. Bxa2 b4 48. Kg1 Nd4 49. Kf2 b3 50. Bb1 Nc2 51. Ke2 Na3 52. Bd3 b2 53.
Kd2 b1=Q 54. Bxb1 Nxb1+ 55. Kc2 Na3+ 56. Kb3 Nb5 57. Kc4 Nc7 58. h4 Ne6 59. g3
Nd4 60. Kd5 Nf3 61. Ke6 Kg8 62. Ke7 Nh2 63. Ke6 Ng4 64. Ke7 Nf2 65. Ke6 Nxe4
66. Kxe5 Nxg3 67. Kf4 Nh5+ 68. Ke5 Kf7 69. Ke4 Ke6 70. Ke3 Ke5 0-1

[Event "Four Nations Chess Challenge"]
[Site "Oslo"]
[Date "2008.02.16"]
[Round "2.1"]
[White "Berg, Emanuel"]
[Black "Lie, Kjetil A"]
[Result "1/2-1/2"]
[WhiteElo "2583"]
[BlackElo "2556"]
[PlyCount "75"]
[EventDate "2008.02.15"]
[EventType "team"]
[EventRounds "3"]
[EventCountry "NOR"]
[WhiteTeam "Sweden"]
[BlackTeam "Norway"]

1. e4 e5 2. Nf3 Nc6 3. Bb5 a6 4. Ba4 Nf6 5. O-O Be7 6. Re1 b5 7. Bb3 d6 8. c3
O-O 9. h3 Na5 10. Bc2 d5 11. d4 dxe4 12. Nxe5 c5 13. Nd2 cxd4 14. Nxe4 dxc3 15.
Qf3 Bb7 16. b4 Bxe4 17. Bxe4 Nxe4 18. Qxe4 f5 19. Qb1 c2 20. Qb2 Nc4 21. Nxc4
bxc4 22. Qxc2 Rc8 23. Bd2 Bf6 24. Rac1 Qd3 25. Qxd3 cxd3 26. Rxc8 Rxc8 27. Re3
Rc2 28. Rxd3 Rxa2 29. Be3 Be7 30. Bc5 Bxc5 31. bxc5 Rc2 32. Rd5 g6 33. h4 a5
34. h5 Kg7 35. g3 a4 36. Rd7+ Kh6 37. hxg6 hxg6 38. Ra7 1/2-1/2